000 01614cam a22003977a 4500
003 CHAP
005 20220329141137.0
008 971010s1973 mx r 00010 esp d
010 _a63313
011 _a64285
035 _a69566
040 _cCHAP
082 1 4 _a517
_bA6Y 1973
100 0 0 _aApostol, Tom M.
_96334
245 1 0 _aCalculus
250 _a2 ed.
260 _aMéxico, D.F. :
_bReverté,
_c1973
300 _a2 v.
505 8 _aContenido: v.1 Cálculo con funciones de una variable, con una introducción al álgebra lineal -- v.2 Cálculo con funciones de varias variables y álgebra lineal, con aplicaciones a las ecuaciones diferenciales y a las probabilidades
590 _aBATCH-UPD
_b10
_c20130110
_lUCH01
_h0836
590 _aBATCH-UPD
_b10
_c20130410
_lUCH01
_h0514
590 _aBATCH-UPD
_b10
_c20130914
_lUCH01
_h0951
590 _aCONVERSION
_b10
_c20130109
_lUCH01
_h1334
650 0 4 _aÁlgebra lineal.
_982392
650 0 4 _aCálculo de variaciones.
_923992
650 0 4 _aEcuaciones diferenciales.
_935306
650 0 4 _aProbabilidad.
_991685
650 1 4 _aCálculo.
_923990
901 _aBK
942 _cLIBRO
949 _a517 A6Y 1973
_bBC
_cLIBRO
_d33724000144531
_eLIBRO
_fv.2c.2
_h39335
_i69566
_si
949 _a517 A6Y 1973
_bBC
_cLIBRO
_d33724000144556
_eLIBRO
_fv.1
_h39331
_i69566
_si
949 _a517 A6Y 1973
_bBC
_cLIBRO
_d33724000947479
_eLIBRO
_fv.2c.3
_h39336
_i69566
_si
949 _a517 A6Y 1973
_bBC
_cLIBRO
_d33724002048462
_eLIBRO
_fv.2
_gI.c/e
_h39334Rep.
_i69566
_si
_t$295.00
949 _a517 A6Y 1973
_bBC
_cLIBRO
_d33724002055223
_eLIBRO
_fv.1 c.2
_gI.c/e
_h39332Rep.
_i69566
_si
_t$295.00
999 _c63313
_d63313